000 00245nam a22001217a 4500
003 SGT
082 _a823
_bCHH
100 _aCHHAPGAR B.F
245 _aMAN INSIDE THE SEA
260 _aINDIA
_bNBTA PUB
_c1995
300 _a196
942 _2ddc
_cBK
999 _c33882
_d33882